000 00993cam2a220027700 4500
001 qce01668533
005 20190816105129.0
008 730206s1952 nyua b 000 0 eng
010 _a 51013781
035 _a(Sirsi) r86951
035 _a(QCAT)lss00381555
035 _a(UPRA)qce01668533
040 _dUPRA
050 0 _aQD403
_b.H35
082 _a547.6
_a547.2*
100 1 _aHartough, H. D. (Howard Dale), 1913-
_qHartough, H. D. (Howard Dale), 1913-
_dHartough, H. D. (Howard Dale), 1913-
_6A46342.1
245 1 0 _aThiophene and its derivatives /
_cwith special chapters by F.P. Hochgesang and F.F. Blicke.
260 _aNew York :
_bInterscience Publishers,
_c1952.
490 0 _aThe Chemistry of heterocyclic compounds
_6S7686.2
504 _aBibliographical footnotes.
504 _aIncludes bibliographies.
650 0 _aThiophene.
_6S35742.1
949 _aQD403
_wlcc
_i-121068
_mMAIN
_tBOOK
_lON-SHELF
949 _aQD403
_wlcc
_i-121069
_mMAIN
_tBOOK
_lON-SHELF
004 86951
999 _c89335
_d89335